Prevention of accidents due to explosions underground in coal mines

Bibliographic Details
Format: eBook
Language:English
Published: Geneva : International Labour Organization, represented by the International Labour Office (ILO), 1974
Subjects:
Online Access:http://www.vlex.com/source/11285

MARC

LEADER 00000nam a22000007a 4500
005 20130613182106.0
007 cr|||| ||||
008 130613e1974 sz |||||s|||| 00||0 eng d
020 |a 92-2-101062-7  
035 |a 11285 
040 |a vLex 
090 |c 4346  |d 4346 
245 0 0 |a Prevention of accidents due to explosions underground in coal mines  |h [Recurso electrn̤ico]  
256 |a Servicio en ln̕ea 
260 |a Geneva :  |b International Labour Organization, represented by the International Labour Office (ILO),   |c 1974 
300 |a 1 Recurso electrn̤ico 
506 |a Contenido solo disponible en los productos indicados  |d vLex Global   |d vLex Global (Academic Edition, excluding Law Schools)  |d vLex Global (U.S. Academic Edition, Law Schools)  |d vLex Global (U.S. Academic Edition, excluding Law Schools)  |d vLex Global (Academic Edition, Law Schools) 
650 4 |a Derecho laboral y Seguridad Social 
650 4 |a Seguridad y salud laboral 
650 4 |a Minera̕ 
740 |a vLex Libros (Servicio en ln̕ea) 
856 |a Acceso restringido  |u http://www.vlex.com/source/11285 
942 |c BOOK 
999 0 |a Labor laws and legislation